El enigma y el misterio. Una filosofía de la religión

Wedi'i Gadw mewn:
Manylion Llyfryddiaeth
Prif Awdur: Gómez Caffarena, José (Awdur)
Fformat: Llyfr
Iaith:Sbaeneg
Cyhoeddwyd: Madrid Trotta 2007
Cyfres:Estructuras y Procesos. Serie Religión
Pynciau:
Tagiau: Ychwanegu Tag
Dim Tagiau, Byddwch y cyntaf i dagio'r cofnod hwn!

MARC

LEADER 00000nam a2200000 a 4500
001 UCI4094
003 CL-VaPUC
008 071221e20070000SP |||||||||||||||||spa|d
020 |a 9788481649116 
082 0 4 |a 210.1  |b GOM  |2 21 
100 |a Gómez Caffarena, José  |e author  |9 525770 
245 1 3 |a El enigma y el misterio. Una filosofía de la religión 
300 |a 700 p 
942 |c BK 
945 |d 20071221 00:00:00  |a rbrito 
260 |a Madrid  |b Trotta  |c 2007 
650 0 |a Filosofía de la religión   |9 256017 
583 |a last modification  |c 20071221 00:00:00  |k Rodrigo Vera 
490 0 |a Estructuras y Procesos. Serie Religión 
999 |c 328089  |d 328087 
952 |0 0  |1 0  |4 0  |6 210_100000000000000_GOM_2007  |7 0  |8 A  |9 411821  |a BIBEDU  |b BIBEDU  |d 2019-11-22  |i 4398262  |o 210.1 GOM 2007  |p 4398262  |r 2019-11-22  |w 2019-11-22  |y BK  |k FIL 
952 |0 0  |1 0  |4 0  |6 210_100000000000000_GOM_2007  |7 0  |8 A  |9 411822  |a BIBEDU  |b BIBEDU  |d 2019-11-22  |i 4429842  |o 210.1 GOM 2007  |p 4429842  |r 2019-11-22  |w 2019-11-22  |y BK  |k FIL